|
|
|
|
| LEADER |
00000cam a2200000 a 4500 |
| 001 |
vtls008370457 |
| 003 |
SK-MaSNL |
| 005 |
20260302053059.0 |
| 008 |
250313s1944 xo 000 0 slo |
| 015 |
|
|
|a SNBA19421945-034/0619
|
| 035 |
|
|
|a SK01SNKBKSD220010062674
|
| 035 |
|
|
|a urn:nbn:sk:snk-am3hksp
|
| 035 |
|
|
|a 66B28274-4EA5-4B17-B2CE-EC63EFABDC80
|
| 035 |
|
|
|a urn:nbn:sk:snk-am00d3vk
|
| 035 |
|
|
|a SKM000065137
|
| 040 |
|
|
|a SNK
|b slo
|c SNK
|e AACR2
|
| 041 |
1 |
|
|a slo
|h ger
|
| 044 |
|
|
|a xo
|c SK
|
| 080 |
|
|
|a 22
|2 1981
|
| 100 |
1 |
|
|a Feldhoff, F.
|4 aut
|9 710637
|
| 245 |
1 |
0 |
|a 500 biblických otázok
|c F. Feldhoff ; preložil a upravil E.R. Meitner
|
| 246 |
1 |
3 |
|a Päťsto biblických otázok
|
| 260 |
|
|
|a Liptovský Sv. Mikuláš
|b Rozsievač
|c 1944
|e Liptovský Sv. Mikuláš
|f Bratia Rázusovci
|
| 300 |
|
|
|a 61, [i] s.
|c 8°
|
| 500 |
|
|
|a Preložené z nemčiny
|
| 630 |
0 |
7 |
|a Biblia
|2 SNKPH
|9 17043
|
| 655 |
|
7 |
|a výklady
|2 SNKPH
|9 29178
|
| 700 |
1 |
|
|a Meitner, Eliseo Richard,
|d 1922-2002
|4 trl
|4 adp
|9 101414
|
| 852 |
|
|
|a Slovenská národná knižnica
|
| 958 |
|
|
|a OND
|
| 958 |
|
|
|a RK
|
| 958 |
|
|
|a TL
|
| 999 |
|
|
|c 1107939
|d 1109869
|
| 952 |
|
|
|a SNK
|b SNK
|y VYP
|7 0
|p 17A0553323
|o snkSD 5101 D1
|i snkKSF 2110/57
|8 5
|3 rekatalogizácia
|0 0
|1 0
|4 0
|d 2007-06-21
|l 0
|r 2026-02-24 17:51:29
|w 2026-02-24
|
| 952 |
|
|
|a SNK
|b SNK
|y PREZ
|7 0
|p 17A0907289
|o snkSD 5101
|i snk2697/44
|0 0
|1 0
|4 0
|d 2018-07-11
|f 1
|l 0
|r 2025-11-12 00:00:00
|w 2026-02-24
|